Elenco comuni italiani -Lettera P - Statistics

Statistiche generali
  • Questo quiz è stato fatto 60 volte
  • Il punteggio medio è 69 su 695
Statistiche sulle risposte
Comune Provincia Regione Abitanti % Corretto
Palermo (capoluogo di provincia) Sicilia 637.885
81%
Pisa (capoluogo di provincia) Toscana 89.969
81%
Prato (capoluogo di provincia) Toscana 201.410
77%
Padova (capoluogo di provincia) Veneto 209.730
74%
Parma (capoluogo di provincia) Emilia-Romagna 195.998
74%
Pavia (capoluogo di provincia) Lombardia 71.122
74%
Pistoia (capoluogo di provincia) Toscana 89.729
74%
Ponte Benevento Campania 2.466
74%
Pordenone (capoluogo di provincia) Friuli-Venezia Giulia 51.403
74%
Perugia (capoluogo di provincia) Umbria 164.721
71%
Pesaro (capoluogo di provincia) Marche 95.950
71%
Pescara (capoluogo di provincia) Abruzzo 118.766
71%
Piacenza (capoluogo di provincia) Emilia-Romagna 102.731
71%
Potenza (capoluogo di provincia) Basilicata 65.420
68%
Poli Roma Lazio 2.275
61%
Ponte di Legno Brescia Lombardia 1.746
61%
Ponza Latina Lazio 3.301
61%
Paternò Catania Sicilia 45.621
55%
Paterno Potenza Basilicata 3.100
55%
Pescasseroli L'Aquila Abruzzo 2.081
55%
Polignano a Mare Bari Puglia 17.653
55%
Pomezia Roma Lazio 63.767
55%
Ponti Alessandria Piemonte 550
52%
Porto Empedocle Agrigento Sicilia 15.622
52%
Putignano Bari Puglia 26.143
52%
Palmi Reggio Calabria Calabria 17.842
48%
Pau Oristano Sardegna 282
48%
Pinerolo Torino Piemonte 35.480
48%
Porto Sant'Elpidio Fermo Marche 25.958
48%
Palmanova Udine Friuli-Venezia Giulia 5.376
45%
Patti Messina Sicilia 12.788
45%
Pescia Pistoia Toscana 19.250
45%
Pietrasanta Lucca Toscana 23.121
45%
Poggibonsi Siena Toscana 28.781
45%
Pomigliano d'Arco Napoli Campania 39.673
45%
Pontedera Pisa Toscana 29.270
45%
Portogruaro Venezia Veneto 24.592
45%
Palestrina Roma Lazio 21.921
42%
Paullo Milano Lombardia 11.147
42%
Peschiera del Garda Verona Veneto 10.881
42%
Pienza Siena Toscana 2.022
42%
Pieve di Cadore Belluno Veneto 3.729
42%
Portici Napoli Campania 52.721
42%
Portovenere Spezia Liguria 3.348
42%
Pozzuoli Napoli Campania 77.090
42%
Procida Napoli Campania 10.183
42%
Paola Cosenza Calabria 14.928
39%
Pergola Pesaro e Urbino Marche 5.849
39%
Pietra Ligure Savona Liguria 8.404
39%
Polla Salerno Campania 5.177
39%
Portofino Genova Liguria 374
39%
Positano Salerno Campania 3.782
39%
Pachino Siracusa Sicilia 21.521
35%
Peschici Foggia Puglia 4.295
35%
Pescina L'Aquila Abruzzo 3.851
35%
Pescocostanzo L'Aquila Abruzzo 1.106
35%
Pietraperzia Enna Sicilia 6.459
35%
Piove di Sacco Padova Veneto 20.075
35%
Poggio Mirteto Rieti Lazio 6.152
35%
Policoro Matera Basilicata 17.762
35%
Pompei Napoli Campania 24.233
35%
Porto San Giorgio Fermo Marche 15.715
35%
Praia a Mare Cosenza Calabria 6.423
35%
Palau Gallura Nord-Est Sardegna Sardegna 4.077
32%
Pianoro Bologna Emilia-Romagna 17.472
32%
Piazza Armerina Enna Sicilia 20.749
32%
Piazzola sul Brenta Padova Veneto 11.046
32%
Pinzolo Trento Trentino-Alto Adige 3.150
32%
Piombino Livorno Toscana 32.648
32%
Pitigliano Grosseto Toscana 3.641
32%
Poggio Bustone Rieti Lazio 1.986
32%
Pontecorvo Frosinone Lazio 12.470
32%
Portoferraio Livorno Toscana 11.914
32%
Porto Recanati Macerata Marche 12.163
32%
Porto Torres Sassari Sardegna 21.377
32%
Padula Salerno Campania 4.972
29%
Palestro Pavia Lombardia 1.829
29%
Pisticci Matera Basilicata 16.889
29%
Praiano Salerno Campania 1.994
29%
Pula Cagliari Sardegna 7.064
29%
Panni Foggia Puglia 695
26%
Pantelleria Trapani Sicilia 7.366
26%
Parabiago Milano Lombardia 27.919
26%
Pastrengo Verona Veneto 3.111
26%
Patrica Frosinone Lazio 3.090
26%
Pavullo nel Frignano Modena Emilia-Romagna 17.979
26%
Pedara Catania Sicilia 14.714
26%
Pero Milano Lombardia 11.451
26%
Pizzo Vibo Valentia Calabria 8.882
26%
Pontassieve Firenze Toscana 20.477
26%
Pontida Bergamo Lombardia 3.313
26%
Pontremoli Massa-Carrara Toscana 6.950
26%
Pratola Peligna L'Aquila Abruzzo 7.187
26%
Predappio Forl矛-Cesena Emilia-Romagna 6.183
26%
Paderno Dugnano Milano Lombardia 47.380
23%
Palazzolo sull'Oglio Brescia Lombardia 19.940
23%
Paliano Frosinone Lazio 7.975
23%
Pastena Frosinone Lazio 1.265
23%
Pioltello Milano Lombardia 36.147
23%
Ponsacco Pisa Toscana 15.466
23%
Ponte nelle Alpi Belluno Veneto 8.003
23%
Pontinia Latina Lazio 14.849
23%
Pontoglio Brescia Lombardia 6.872
23%
Popoli Terme Pescara Abruzzo 4.574
23%
Pozzuolo Martesana Milano Lombardia 8.547
23%
Predazzo Trento Trentino-Alto Adige 4.522
23%
Primiero San Martino di Castrozza Trento Trentino-Alto Adige 5.278
23%
Priverno Latina Lazio 13.763
23%
Paceco Trapani Sicilia 10.903
19%
Parre Bergamo Lombardia 2.684
19%
Passirano Brescia Lombardia 6.933
19%
Pereto L'Aquila Abruzzo 647
19%
Pesche Isernia Molise 1.578
19%
Peschiera Borromeo Milano Lombardia 23.847
19%
Pessano con Bornago Milano Lombardia 9.025
19%
Poggioreale Trapani Sicilia 1.394
19%
Porto Cesareo Lecce Puglia 6.232
19%
Porto Tolle Rovigo Veneto 9.203
19%
Pragelato Torino Piemonte 762
19%
Pacentro L'Aquila Abruzzo 1.101
16%
Padenghe sul Garda Brescia Lombardia 4.696
16%
Paese Treviso Veneto 22.026
16%
Pagani Salerno Campania 34.474
16%
Palagiano Taranto Puglia 15.776
16%
Palma di Montechiaro Agrigento Sicilia 21.437
16%
Pandino Cremona Lombardia 8.871
16%
Partanna Trapani Sicilia 10.021
16%
Partinico Palermo Sicilia 30.621
16%
Pergine Valsugana Trento Trentino-Alto Adige 21.486
16%
Pertica Alta Brescia Lombardia 556
16%
Pertica Bassa Brescia Lombardia 585
16%
Piana degli Albanesi Palermo Sicilia 5.658
16%
Pietrapertosa Potenza Basilicata 945
16%
Pieve Emanuele Milano Lombardia 15.699
16%
Pieve Ligure Genova Liguria 2.475
16%
Pigna Imperia Liguria 766
16%
Pila Vercelli Piemonte 138
16%
Pisciotta Salerno Campania 2.453
16%
Pizzighettone Cremona Lombardia 6.301
16%
Platì Reggio Calabria Calabria 3.736
16%
Pollica Salerno Campania 2.204
16%
Polpenazze del Garda Brescia Lombardia 2.691
16%
Poppi Arezzo Toscana 5.957
16%
Possagno Treviso Veneto 2.196
16%
Pozzallo Ragusa Sicilia 18.940
16%
Puegnago del Garda Brescia Lombardia 3.478
16%
Pace del Mela Messina Sicilia 6.056
13%
Paderno Franciacorta Brescia Lombardia 3.620
13%
Paitone Brescia Lombardia 2.148
13%
Palagianello Taranto Puglia 7.679
13%
Palo del Colle Bari Puglia 20.774
13%
Palù Verona Veneto 1.231
13%
Paratico Brescia Lombardia 4.846
13%
Paspardo Brescia Lombardia 587
13%
Passignano sul Trasimeno Perugia Umbria 5.651
13%
Pavone del Mella Brescia Lombardia 2.731
13%
Perca Bolzano Trentino-Alto Adige 1.643
13%
Pescosolido Frosinone Lazio 1.445
13%
Pezzaze Brescia Lombardia 1.450
13%
Pian Camuno Brescia Lombardia 4.701
13%
Piazzatorre Bergamo Lombardia 384
13%
Pietrelcina Benevento Campania 2.902
13%
Pieve di Teco Imperia Liguria 1.315
13%
Pineto Teramo Abruzzo 14.582
13%
Poggio a Caiano Prato Toscana 10.169
13%
Poggiorsini Bari Puglia 1.339
13%
Poggio Rusco Mantova Lombardia 6.462
13%
Pogliano Milanese Milano Lombardia 8.329
13%
Pompiano Brescia Lombardia 3.759
13%
Ponte San Pietro Bergamo Lombardia 11.534
13%
Pontevico Brescia Lombardia 7.002
13%
Pornassio Imperia Liguria 663
13%
Prato allo Stelvio Bolzano Trentino-Alto Adige 3.667
13%
Presicce-Acquarica Lecce Puglia 9.436
13%
Prevalle Brescia Lombardia 6.838
13%
Provaglio d'Iseo Brescia Lombardia 7.202
13%
Provaglio Val Sabbia Brescia Lombardia 892
13%
Paisco Loveno Brescia Lombardia 173
10%
Palagonia Catania Sicilia 15.805
10%
Palaia Pisa Toscana 4.519
10%
Palazzago Bergamo Lombardia 4.496
10%
Palazzolo Acreide Siracusa Sicilia 8.247
10%
Pallare Savona Liguria 919
10%
Palombara Sabina Roma Lazio 12.835
10%
Panicale Perugia Umbria 5.421
10%
Parabita Lecce Puglia 8.694
10%
Parcines Bolzano Trentino-Alto Adige 3.862
10%
Peio Trento Trentino-Alto Adige 1.834
10%
Penne Pescara Abruzzo 11.470
10%
Persico Dosimo Cremona Lombardia 3.322
10%
Pescantina Verona Veneto 17.367
10%
Pescate Lecco Lombardia 2.182
10%
Pescopagano Potenza Basilicata 1.727
10%
Peveragno Cuneo Piemonte 5.542
10%
Piancogno Brescia Lombardia 4.709
10%
Pianfei Cuneo Piemonte 2.102
10%
Picerno Potenza Basilicata 5.687
10%
Pico Frosinone Lazio 2.683
10%
Pietralunga Perugia Umbria 1.995
10%
Pietramelara Caserta Campania 4.478
10%
Pietrapaola Cosenza Calabria 1.019
10%
Pieve di Bono-Prezzo Trento Trentino-Alto Adige 1.430
10%
Pieve di Soligo Treviso Veneto 11.805
10%
Pino Torinese Torino Piemonte 8.281
10%
Piovene Rocchette Vicenza Veneto 8.137
10%
Piscina Torino Piemonte 3.335
10%
Pisogne Brescia Lombardia 7.882
10%
Poggiardo Lecce Puglia 5.845
10%
Poggio Imperiale Foggia Puglia 2.573
10%
Polaveno Brescia Lombardia 2.448
10%
Pollena Trocchia Napoli Campania 12.968
10%
Pollina Palermo Sicilia 2.827
10%
Poncarale Brescia Lombardia 5.182
10%
Ponna Como Lombardia 231
10%
Pontebba Udine Friuli-Venezia Giulia 1.345
10%
Pontecagnano Faiano Salerno Campania 25.797
10%
Ponte Gardena Bolzano Trentino-Alto Adige 201
10%
Ponti sul Mincio Mantova Lombardia 2.336
10%
Ponzone Alessandria Piemonte 1.003
10%
Porto Mantovano Mantova Lombardia 16.481
10%
Posada Nuoro Sardegna 3.006
10%
Posta Rieti Lazio 589
10%
Pove del Grappa Vicenza Veneto 3.119
10%
Pozzo d'Adda Milano Lombardia 6.345
10%
Pozzolengo Brescia Lombardia 3.553
10%
Pralboino Brescia Lombardia 2.816
10%
Prali Torino Piemonte 252
10%
Predore Bergamo Lombardia 1.823
10%
Preseglie Brescia Lombardia 1.497
10%
Pabillonis Medio Campidano Sardegna 2.549
6%
Paduli Benevento Campania 3.688
6%
Pallagorio Crotone Calabria 1.027
6%
Palma Campania Napoli Campania 16.618
6%
Palmariggi Lecce Puglia 1.399
6%
Pantigliate Milano Lombardia 5.862
6%
Parete Caserta Campania 11.875
6%
Peccioli Pisa Toscana 4.649
6%
Pedemonte Vicenza Veneto 708
6%
Pedrengo Bergamo Lombardia 5.905
6%
Peglio Como Lombardia 189
6%
Peglio Pesaro e Urbino Marche 189
6%
Pella Novara Piemonte 891
6%
Perinaldo Imperia Liguria 826
6%
Perledo Lecco Lombardia 878
6%
Pescaglia Lucca Toscana 3.342
6%
Pescarolo ed Uniti Cremona Lombardia 1.514
6%
Pescolanciano Isernia Molise 829
6%
Petralia Soprana Palermo Sicilia 3.046
6%
Pianengo Cremona Lombardia 2.510
6%
Piano di Sorrento Napoli Campania 12.549
6%
Piantedo Sondrio Lombardia 1.427
6%
Piazza Brembana Bergamo Lombardia 1.207
6%
Pietracatella Campobasso Molise 1.256
6%
Pietradefusi Avellino Campania 1.974
6%
Pietramontecorvino Foggia Puglia 2.554
6%
Pietrarubbia Pesaro e Urbino Marche 610
6%
Pietrastornina Avellino Campania 1.429
6%
Pietravairano Caserta Campania 2.800
6%
Pieve Santo Stefano Arezzo Toscana 3.015
6%
Pignone Spezia Liguria 540
6%
Pimonte Napoli Campania 5.836
6%
Piossasco Torino Piemonte 18.102
6%
Pizzoferrato Chieti Abruzzo 1.000
6%
Poggiodomo Perugia Umbria 94
6%
Poggiomarino Napoli Campania 21.955
6%
Poggio Moiano Rieti Lazio 2.763
6%
Polia Vibo Valentia Calabria 891
6%
Pontelatone Caserta Campania 1.569
6%
Pontelongo Padova Veneto 3.674
6%
Pontenure Piacenza Emilia-Romagna 6.512
6%
Ponte San Nicolò Padova Veneto 13.393
6%
Pont-Saint-Martin Aosta Valle d'Aosta 3.571
6%
Ponzano Romano Roma Lazio 1.117
6%
Ponzano Veneto Treviso Veneto 12.910
6%
Porcari Lucca Toscana 8.830
6%
Porte Torino Piemonte 1.076
6%
Portomaggiore Ferrara Emilia-Romagna 11.506
6%
Portopalo di Capo Passero Siracusa Sicilia 3.790
6%
Posina Vicenza Veneto 564
6%
Potenza Picena Macerata Marche 15.652
6%
Povegliano Treviso Veneto 5.097
6%
Predaia Trento Trentino-Alto Adige 6.778
6%
Predoi Bolzano Trentino-Alto Adige 538
6%
Pregnana Milanese Milano Lombardia 7.330
6%
Priolo Gargallo Siracusa Sicilia 11.468
6%
Propata Genova Liguria 125
6%
Proserpio Como Lombardia 908
6%
Pulsano Taranto Puglia 11.201
6%
Pumenengo Bergamo Lombardia 1.682
6%
Paciano Perugia Umbria 950
3%
Paderno Ponchielli Cremona Lombardia 1.331
3%
Paesana Cuneo Piemonte 2.629
3%
Pagazzano Bergamo Lombardia 2.095
3%
Pagno Cuneo Piemonte 571
3%
Pago del Vallo di Lauro Avellino Campania 1.699
3%
Pago Veiano Benevento Campania 2.290
3%
Paladina Bergamo Lombardia 4.016
3%
Palagano Modena Emilia-Romagna 2.073
3%
Palata Campobasso Molise 1.595
3%
Palazzo Adriano Palermo Sicilia 1.863
3%
Palazzo Canavese Torino Piemonte 842
3%
Palazzo San Gervasio Potenza Basilicata 4.540
3%
Palazzuolo sul Senio Firenze Toscana 1.111
3%
Palena Chieti Abruzzo 1.268
3%
Palermiti Catanzaro Calabria 1.081
3%
Palmiano Ascoli Piceno Marche 165
3%
Palosco Bergamo Lombardia 5.732
3%
Panettieri Cosenza Calabria 318
3%
Pannarano Benevento Campania 2.024
3%
Papozze Rovigo Veneto 1.392
3%
Parenti Cosenza Calabria 2.047
3%
Pareto Alessandria Piemonte 520
3%
Parghelia Vibo Valentia Calabria 1.245
3%
Parodi Ligure Alessandria Piemonte 622
3%
Parolise Avellino Campania 634
3%
Parona Pavia Lombardia 1.838
3%
Parrano Terni Umbria 498
3%
Parzanica Bergamo Lombardia 361
3%
Pastorano Caserta Campania 2.949
3%
Pasturo Lecco Lombardia 1.929
3%
Paternopoli Avellino Campania 2.166
3%
Patù Lecce Puglia 1.640
3%
Paupisi Benevento Campania 1.522
3%
Pavone Canavese Torino Piemonte 3.680
3%
Pazzano Reggio Calabria Calabria 504
3%
Pedaso Fermo Marche 2.808
3%
Pedavena Belluno Veneto 4.323
3%
Pederobba Treviso Veneto 7.334
3%
Pegognaga Mantova Lombardia 6.921
3%
Pellegrino Parmense Parma Emilia-Romagna 955
3%
Pellezzano Salerno Campania 10.959
3%
Pellizzano Trento Trentino-Alto Adige 782
3%
Pennabilli Rimini Emilia-Romagna 2.653
3%
Pennadomo Chieti Abruzzo 219
3%
Penna San Giovanni Macerata Marche 992
3%
Penna Sant'Andrea Teramo Abruzzo 1.668
3%
Perano Chieti Abruzzo 1.523
3%
Perdasdefogu Nuoro Sardegna 1.757
3%
Perito Salerno Campania 856
3%
Pernumia Padova Veneto 3.769
3%
Perrero Torino Piemonte 600
3%
Pescorocchiano Rieti Lazio 1.925
3%
Pessina Cremonese Cremona Lombardia 587
3%
Petina Salerno Campania 1.011
3%
Petralia Sottana Palermo Sicilia 2.505
3%
Petrella Salto Rieti Lazio 1.055
3%
Petrella Tifernina Campobasso Molise 1.062
3%
Petriolo Macerata Marche 1.868
3%
Petritoli Fermo Marche 2.193
3%
Petruro Irpino Avellino Campania 288
3%
Pettineo Messina Sicilia 1.240
3%
Piacenza d'Adige Padova Veneto 1.259
3%
Piaggine Salerno Campania 1.183
3%
Pianella Pescara Abruzzo 8.494
3%
Pianello Val Tidone Piacenza Emilia-Romagna 2.173
3%
Pianezze Vicenza Veneto 2.165
3%
Picinisco Frosinone Lazio 1.096
3%
Piedimonte Matese Caserta Campania 10.373
3%
Piegaro Perugia Umbria 3.419
3%
Pietrabbondante Isernia Molise 647
3%
Pietrabruna Imperia Liguria 446
3%
Pietracamela Teramo Abruzzo 227
3%
Pietraferrazzana Chieti Abruzzo 131
3%
Pietrafitta Cosenza Calabria 1.184
3%
Pietragalla Potenza Basilicata 3.930
3%
Pietraporzio Cuneo Piemonte 74
3%
Pieve del Grappa Treviso Veneto 6.550
3%
Pieve di Cento Bologna Emilia-Romagna 7.132
3%
Pieve Fissiraga Lodi Lombardia 1.711
3%
Pievepelago Modena Emilia-Romagna 2.185
3%
Pieve Porto Morone Pavia Lombardia 2.580
3%
Pieve San Giacomo Cremona Lombardia 1.581
3%
Pieve Tesino Trento Trentino-Alto Adige 637
3%
Piglio Frosinone Lazio 4.386
3%
Pignataro Maggiore Caserta Campania 5.785
3%
Pignola Potenza Basilicata 6.830
3%
Pincara Rovigo Veneto 1.121
3%
Piobesi d'Alba Cuneo Piemonte 1.399
3%
Piobesi Torinese Torino Piemonte 3.823
3%
Piombino Dese Padova Veneto 9.484
3%
Piozzano Piacenza Emilia-Romagna 594
3%
Pisano Novara Piemonte 809
3%
Pisoniano Roma Lazio 739
3%
Piubega Mantova Lombardia 1.704
3%
Pizzoni Vibo Valentia Calabria 1.023
3%
Plodio Savona Liguria 626
3%
Pofi Frosinone Lazio 3.951
3%
Poggiofiorito Chieti Abruzzo 828
3%
Poggio Nativo Rieti Lazio 2.513
3%
Poggio San Lorenzo Rieti Lazio 522
3%
Poggio San Marcello Ancona Marche 648
3%
Poggio Sannita Isernia Molise 597
3%
Poggio San Vicino Macerata Marche 221
3%
Pojana Maggiore Vicenza Veneto 4.281
3%
Polesella Rovigo Veneto 3.723
3%
Polinago Modena Emilia-Romagna 1.580
3%
Pollone Biella Piemonte 2.050
3%
Polverigi Ancona Marche 4.584
3%
Pomarance Pisa Toscana 5.473
3%
Pomarico Matera Basilicata 3.884
3%
Ponte Buggianese Pistoia Toscana 8.792
3%
Pontecchio Polesine Rovigo Veneto 2.192
3%
Pontechianale Cuneo Piemonte 175
3%
Pontedassio Imperia Liguria 2.318
3%
Ponte dell'Olio Piacenza Emilia-Romagna 4.573
3%
Ponte di Piave Treviso Veneto 8.285
3%
Ponte in Valtellina Sondrio Lombardia 2.258
3%
Ponte Lambro Como Lombardia 4.270
3%
Pontelandolfo Benevento Campania 2.018
3%
Ponteranica Bergamo Lombardia 6.750
3%
Pontinvrea Savona Liguria 840
3%
Pontirolo Nuovo Bergamo Lombardia 4.969
3%
Porlezza Como Lombardia 4.847
3%
Porte di Rendena Trento Trentino-Alto Adige 1.752
3%
Portico di Caserta Caserta Campania 7.750
3%
Portico e San Benedetto Forl矛-Cesena Emilia-Romagna 745
3%
Portigliola Reggio Calabria Calabria 1.086
3%
Porto Azzurro Livorno Toscana 3.704
3%
Portobuffolè Treviso Veneto 739
3%
Porto Ceresio Varese Lombardia 2.850
3%
Povegliano Veronese Verona Veneto 7.358
3%
Poviglio Reggio Emilia Emilia-Romagna 7.176
3%
Pozzaglio ed Uniti Cremona Lombardia 1.416
3%
Pozzoleone Vicenza Veneto 2.807
3%
Pozzolo Formigaro Alessandria Piemonte 4.522
3%
Pozzonovo Padova Veneto 3.502
3%
Pozzuolo del Friuli Udine Friuli-Venezia Giulia 6.893
3%
Pramaggiore Venezia Veneto 4.659
3%
Prata di Principato Ultra Avellino Campania 2.782
3%
Prata Sannita Caserta Campania 1.382
3%
Pratella Caserta Campania 1.469
3%
Prato Carnico Udine Friuli-Venezia Giulia 870
3%
Pratola Serra Avellino Campania 3.664
3%
Pratovecchio Stia Arezzo Toscana 5.469
3%
Prazzo Cuneo Piemonte 171
3%
Preci Perugia Umbria 700
3%
Predosa Alessandria Piemonte 1.910
3%
Preganziol Treviso Veneto 16.896
3%
Premana Lecco Lombardia 2.175
3%
Premeno Verbano-Cusio-Ossola Piemonte 767
3%
Pré-Saint-Didier Aosta Valle d'Aosta 955
3%
Presenzano Caserta Campania 1.687
3%
Presezzo Bergamo Lombardia 4.775
3%
Prignano Cilento Salerno Campania 1.049
3%
Primaluna Lecco Lombardia 2.256
3%
Paderna Alessandria Piemonte 204
0%
Paderno d'Adda Lecco Lombardia 3.834
0%
Padria Sassari Sardegna 625
0%
Padru Gallura Nord-Est Sardegna Sardegna 2.024
0%
Paganico Sabino Rieti Lazio 155
0%
Pagliara Messina Sicilia 1.097
0%
Paglieta Chieti Abruzzo 4.157
0%
Pagnacco Udine Friuli-Venezia Giulia 5.152
0%
Pagnona Lecco Lombardia 337
0%
Palanzano Parma Emilia-Romagna 1.060
0%
Palazzolo dello Stella Udine Friuli-Venezia Giulia 2.881
0%
Palazzolo Vercellese Vercelli Piemonte 1.098
0%
Palazzo Pignano Cremona Lombardia 3.774
0%
Palizzi Reggio Calabria Calabria 2.097
0%
Pallanzeno Verbano-Cusio-Ossola Piemonte 1.110
0%
Palmas Arborea Oristano Sardegna 1.487
0%
Palmoli Chieti Abruzzo 836
0%
Palombaro Chieti Abruzzo 975
0%
Palomonte Salerno Campania 3.787
0%
Palù del Fersina Trento Trentino-Alto Adige 165
0%
Paludi Cosenza Calabria 971
0%
Paluzza Udine Friuli-Venezia Giulia 2.003
0%
Pamparato Cuneo Piemonte 278
0%
Pancalieri Torino Piemonte 2.005
0%
Pancarana Pavia Lombardia 308
0%
Panchià Trento Trentino-Alto Adige 824
0%
Paolisi Benevento Campania 2.013
0%
Papasidero Cosenza Calabria 652
0%
Parella Torino Piemonte 419
0%
Parlasco Lecco Lombardia 132
0%
Paroldo Cuneo Piemonte 198
0%
Paruzzaro Novara Piemonte 2.147
0%
Pasian di Prato Udine Friuli-Venezia Giulia 9.299
0%
Pasiano di Pordenone Pordenone Friuli-Venezia Giulia 7.758
0%
Passerano Marmorito Asti Piemonte 420
0%
Pasturana Alessandria Piemonte 1.276
0%
Paterno Calabro Cosenza Calabria 1.322
0%
Pattada Sassari Sardegna 2.928
0%
Paularo Udine Friuli-Venezia Giulia 2.382
0%
Pauli Arbarei Medio Campidano Sardegna 569
0%
Paulilatino Oristano Sardegna 2.110
0%
Pavarolo Torino Piemonte 1.124
0%
Pavia di Udine Udine Friuli-Venezia Giulia 5.527
0%
Pecetto di Valenza Alessandria Piemonte 1.156
0%
Pecetto Torinese Torino Piemonte 3.992
0%
Pedesina Sondrio Lombardia 36
0%
Pedivigliano Cosenza Calabria 763
0%
Peia Bergamo Lombardia 1.727
0%
Pelago Firenze Toscana 7.713
0%
Pelugo Trento Trentino-Alto Adige 390
0%
Penango Asti Piemonte 445
0%
Penna in Teverina Terni Umbria 1.051
0%
Pennapiedimonte Chieti Abruzzo 435
0%
Pentone Catanzaro Calabria 1.941
0%
Perarolo di Cadore Belluno Veneto 367
0%
Percile Roma Lazio 217
0%
Perdaxius Sulcis Iglesiente Sardegna 1.318
0%
Perdifumo Salerno Campania 1.710
0%
Perfugas Sassari Sardegna 2.261
0%
Perletto Cuneo Piemonte 264
0%
Perlo Cuneo Piemonte 108
0%
Perloz Aosta Valle d'Aosta 452
0%
Perosa Argentina Torino Piemonte 3.133
0%
Perosa Canavese Torino Piemonte 521
0%
Pertengo Vercelli Piemonte 272
0%
Pertosa Salerno Campania 656
0%
Pertusio Torino Piemonte 747
0%
Pescopennataro Isernia Molise 244
0%
Pesco Sannita Benevento Campania 1.855
0%
Pescosansonesco Pescara Abruzzo 482
0%
Pessinetto Torino Piemonte 629
0%
Petacciato Campobasso Molise 3.514
0%
Petilia Policastro Crotone Calabria 8.700
0%
Petriano Pesaro e Urbino Marche 2.768
0%
Petrizzi Catanzaro Calabria 1.005
0%
Petronà Catanzaro Calabria 2.448
0%
Petrosino Trapani Sicilia 7.976
0%
Pettenasco Novara Piemonte 1.312
0%
Pettinengo Biella Piemonte 1.466
0%
Pettoranello del Molise Isernia Molise 429
0%
Pettorano sul Gizio L'Aquila Abruzzo 1.343
0%
Pettorazza Grimani Rovigo Veneto 1.513
0%
Pezzana Vercelli Piemonte 1.266
0%
Pezzolo Valle Uzzone Cuneo Piemonte 318
0%
Piadena Drizzona Cremona Lombardia 3.927
0%
Piana Crixia Savona Liguria 787
0%
Piana di Monte Verna Caserta Campania 2.160
0%
Piancastagnaio Siena Toscana 4.016
0%
Piandimeleto Pesaro e Urbino Marche 2.054
0%
Piane Crati Cosenza Calabria 1.382
0%
Pianello del Lario Como Lombardia 1.036
0%
Pianezza Torino Piemonte 15.446
0%
Pianico Bergamo Lombardia 1.457
0%
Pianiga Venezia Veneto 12.258
0%
Pianopoli Catanzaro Calabria 2.533
0%
Piansano Viterbo Lazio 1.922
0%
Piario Bergamo Lombardia 1.042
0%
Piasco Cuneo Piemonte 2.703
0%
Piateda Sondrio Lombardia 2.083
0%
Piatto Biella Piemonte 473
0%
Piazza al Serchio Lucca Toscana 2.178
0%
Piazzolo Bergamo Lombardia 87
0%
Picciano Pescara Abruzzo 1.287
0%
Piea Asti Piemonte 541
0%
Piedicavallo Biella Piemonte 178
0%
Piedimonte Etneo Catania Sicilia 3.927
0%
Piedimonte San Germano Frosinone Lazio 6.336
0%
Piedimulera Verbano-Cusio-Ossola Piemonte 1.474
0%
Pieranica Cremona Lombardia 1.111
0%
Pietracupa Campobasso Molise 216
0%
Pietra de' Giorgi Pavia Lombardia 778
0%
Pietra Marazzi Alessandria Piemonte 874
0%
Pietranico Pescara Abruzzo 442
0%
Pietraroja Benevento Campania 507
0%
Pieve Albignola Pavia Lombardia 849
0%
Pieve a Nievole Pistoia Toscana 9.167
0%
Pieve del Cairo Pavia Lombardia 1.745
0%
Pieve d'Olmi Cremona Lombardia 1.252
0%
Pieve Fosciana Lucca Toscana 2.318
0%
Pieve Torina Macerata Marche 1.284
0%
Pieve Vergonte Verbano-Cusio-Ossola Piemonte 2.472
0%
Pignataro Interamna Frosinone Lazio 2.403
0%
Pigra Como Lombardia 245
0%
Pimentel Cagliari Sardegna 1.140
0%
Pinarolo Po Pavia Lombardia 1.666
0%
Pinasca Torino Piemonte 2.843
0%
Pino d'Asti Asti Piemonte 209
0%
Pinzano al Tagliamento Pordenone Friuli-Venezia Giulia 1.484
0%
Piobbico Pesaro e Urbino Marche 1.839
0%
Piode Vercelli Piemonte 186
0%
Pioraco Macerata Marche 1.001
0%
Piovà Massaia Asti Piemonte 571
0%
Piozzo Cuneo Piemonte 975
0%
Piraino Messina Sicilia 3.798
0%
Piscinas Sulcis Iglesiente Sardegna 823
0%
Piuro Sondrio Lombardia 1.894
0%
Piverone Torino Piemonte 1.333
0%
Pizzale Pavia Lombardia 693
0%
Pizzoli L'Aquila Abruzzo 4.259
0%
Pizzone Isernia Molise 309
0%
Placanica Reggio Calabria Calabria 1.044
0%
Plataci Cosenza Calabria 678
0%
Platania Catanzaro Calabria 1.923
0%
Plaus Bolzano Trentino-Alto Adige 743
0%
Plesio Como Lombardia 832
0%
Ploaghe Sassari Sardegna 4.383
0%
Pocapaglia Cuneo Piemonte 3.314
0%
Pocenia Udine Friuli-Venezia Giulia 2.399
0%
Podenzana Massa-Carrara Toscana 2.106
0%
Podenzano Piacenza Emilia-Romagna 9.138
0%
Poggio Catino Rieti Lazio 1.240
0%
Poggio Picenze L'Aquila Abruzzo 1.055
0%
Poggio Renatico Ferrara Emilia-Romagna 9.787
0%
Poggio Torriana Rimini Emilia-Romagna 5.186
0%
Poggiridenti Sondrio Lombardia 1.829
0%
Pognana Lario Como Lombardia 683
0%
Pognano Bergamo Lombardia 1.590
0%
Pogno Novara Piemonte 1.370
0%
Poirino Torino Piemonte 10.202
0%
Polcenigo Pordenone Friuli-Venezia Giulia 3.140
0%
Polesine Zibello Parma Emilia-Romagna 3.139
0%
Polino Terni Umbria 219
0%
Polistena Reggio Calabria Calabria 9.988
0%
Polizzi Generosa Palermo Sicilia 3.016
0%
Pollein Aosta Valle d'Aosta 1.520
0%
Pollenza Macerata Marche 6.350
0%
Pollutri Chieti Abruzzo 2.073
0%
Polonghera Cuneo Piemonte 1.111
0%
Polverara Padova Veneto 3.358
0%
Pomaretto Torino Piemonte 970
0%
Pomarolo Trento Trentino-Alto Adige 2.418
0%
Pomaro Monferrato Alessandria Piemonte 328
0%
Pombia Novara Piemonte 2.131
0%
Pompeiana Imperia Liguria 851
0%
Pomponesco Mantova Lombardia 1.661
0%
Pompu Oristano Sardegna 228
0%
Ponderano Biella Piemonte 3.733
0%
Ponso Padova Veneto 2.401
0%
Pontboset Aosta Valle d'Aosta 170
0%
Pont Canavese Torino Piemonte 3.017
0%
Pontecurone Alessandria Piemonte 3.422
0%
Ponte Nizza Pavia Lombardia 760
0%
Ponte Nossa Bergamo Lombardia 1.728
0%
Pontestura Alessandria Piemonte 1.331
0%
Pontey Aosta Valle d'Aosta 798
0%
Ponzano di Fermo Fermo Marche 1.646
0%
Ponzano Monferrato Alessandria Piemonte 326
0%
Porano Terni Umbria 1.913
0%
Porcia Pordenone Friuli-Venezia Giulia 15.067
0%
Porpetto Udine Friuli-Venezia Giulia 2.480
0%
Portacomaro Asti Piemonte 1.955
0%
Portalbera Pavia Lombardia 1.441
0%
Portocannone Campobasso Molise 2.331
0%
Portoscuso Sulcis Iglesiente Sardegna 4.895
0%
Porto Valtravaglia Varese Lombardia 2.294
0%
Porto Viro Rovigo Veneto 13.911
0%
Portula Biella Piemonte 1.119
0%
Posta Fibreno Frosinone Lazio 1.077
0%
Postal Bolzano Trentino-Alto Adige 1.951
0%
Postalesio Sondrio Lombardia 644
0%
Postiglione Salerno Campania 2.002
0%
Postua Vercelli Piemonte 571
0%
Povoletto Udine Friuli-Venezia Giulia 5.410
0%
Pozzaglia Sabina Rieti Lazio 315
0%
Pozzilli Isernia Molise 2.186
0%
Pozzol Groppo Alessandria Piemonte 301
0%
Pozzomaggiore Sassari Sardegna 2.442
0%
Pradalunga Bergamo Lombardia 4.509
0%
Pradamano Udine Friuli-Venezia Giulia 3.554
0%
Pradleves Cuneo Piemonte 231
0%
Pralormo Torino Piemonte 1.891
0%
Pralungo Biella Piemonte 2.301
0%
Pramollo Torino Piemonte 223
0%
Prarolo Vercelli Piemonte 719
0%
Prarostino Torino Piemonte 1.250
0%
Prasco Alessandria Piemonte 478
0%
Prascorsano Torino Piemonte 738
0%
Prata Camportaccio Sondrio Lombardia 2.886
0%
Prata d'Ansidonia L'Aquila Abruzzo 441
0%
Prata di Pordenone Pordenone Friuli-Venezia Giulia 8.483
0%
Pratiglione Torino Piemonte 460
0%
Prato Sesia Novara Piemonte 1.844
0%
Pravisdomini Pordenone Friuli-Venezia Giulia 3.401
0%
Pray Biella Piemonte 2.037
0%
Precenicco Udine Friuli-Venezia Giulia 1.450
0%
Prelà Imperia Liguria 478
0%
Premariacco Udine Friuli-Venezia Giulia 4.015
0%
Premia Verbano-Cusio-Ossola Piemonte 541
0%
Premilcuore Forl矛-Cesena Emilia-Romagna 716
0%
Premolo Bergamo Lombardia 1.075
0%
Premosello-Chiovenda Verbano-Cusio-Ossola Piemonte 1.856
0%
Preone Udine Friuli-Venezia Giulia 260
0%
Prepotto Udine Friuli-Venezia Giulia 729
0%
Pressana Verona Veneto 2.511
0%
Pretoro Chieti Abruzzo 866
0%
Prezza L'Aquila Abruzzo 920
0%
Priero Cuneo Piemonte 526
0%
Prignano sulla Secchia Modena Emilia-Romagna 3.753
0%
Priocca Cuneo Piemonte 2.009
0%
Priola Cuneo Piemonte 669
0%
Prizzi Palermo Sicilia 4.342
0%
Proceno Viterbo Lazio 522
0%
Prossedi Latina Lazio 1.167
0%
Proves Bolzano Trentino-Alto Adige 252
0%
Provvidenti Campobasso Molise 105
0%
Prunetto Cuneo Piemonte 411
0%
Puglianello Benevento Campania 1.297
0%
Pulfero Udine Friuli-Venezia Giulia 849
0%
Pusiano Como Lombardia 1.366
0%
Putifigari Sassari Sardegna 707
0%
Nessun quiz corrispondente trovato
Distribuzione punteggi
Percentuale di utenti per punteggio
Percentile per numero di risposta
I tuoi punteggi nel tempo
Non hai fatto questo quiz